000 00701nam a2200193Ia 4500
003 GCL
008 140319s9999 xx 000 0 ara d
040 _aGCL /
_cGCL
082 0 4 _a956.705
_bخ ل
100 1 _aخليل ابراهيم حسين الزويمى
245 1 0 _aاللغز المحير: عبدالكريم قاسم , بدايات الصعود /
_cخليل ابراهيم حسين الزويمى
300 _a405 ص
490 _aموسوعة 14 تموز
_v0
650 0 4 _aثورة تموز 1958
650 0 4 _aالعراق - تاريخ - العصر الحديث
650 0 4 _aعبدالكريم قاسم
650 0 4 _aالعراق - الاحوال السياسية
942 _2ddc
_cBK
999 _c48112
_d48112